[Event "XXXVII Olimpiadi femminile"]
[Site "Torino ITA"]
[Date "2006.05.30"]
[Round "9.3"]
[White "Marmono, Roslina"]
[Black "Franco Valencia, Beatriz Irene"]
[Result "0-1"]
[WhiteElo "1976"]
[BlackElo "2048"]
[Annotator "MAS-COL"]
[PlyCount "86"]
[EventDate "2006.05.21"]

1. d4 d5 2. c4 e6 3. Nc3 c6 4. e3 f5 5. cxd5 exd5 6. Nf3 Nf6 7. Bd3 Bd6 8. h3
Ne4 9. Qc2 Nd7 10. a3 Qe7 11. Rb1 Ndf6 12. b4 Nxc3 13. Qxc3 Ne4 14. Qb3 O-O 15.
b5 Rb8 16. O-O Kh8 17. a4 Bd7 18. Bd2 g5 19. Bb4 g4 20. Ne5 gxh3 21. g3 Bxb4
22. Qxb4 c5 23. Qb2 c4 24. Bc2 Qg7 25. Bxe4 fxe4 26. Kh2 Rf6 27. Qb4 Rg8 28.
Qe1 Bg4 29. Rg1 h5 30. Rb2 Rgf8 31. a5 Qg5 32. b6 axb6 33. axb6 Qh6 34. Rf1
Rxb6 35. Rxb6 Qxb6 36. Kg1 Rf6 37. Qa1 Qa6 38. Qxa6 Rxa6 39. f4 exf3 40. Nxf3
Bxf3 41. Rxf3 c3 42. Rf2 Rb6 43. Rc2 Rb1+ 0-1

[Event "XXXVII Olimpiadi femminile"]
[Site "Torino ITA"]
[Date "2006.05.30"]
[Round "9.1"]
[White "Mira, Helene"]
[Black "Houska, Jovanka"]
[Result "1/2-1/2"]
[WhiteElo "2140"]
[BlackElo "2378"]
[Annotator "AUT-ENG"]
[PlyCount "122"]
[EventDate "2006.05.21"]

1. Nf3 d5 2. d4 c6 3. c4 Nf6 4. e3 g6 5. cxd5 cxd5 6. Nc3 Bg7 7. Bd3 O-O 8. O-O
Nc6 9. h3 b6 10. a3 Bb7 11. b4 Ne8 12. Qb3 e6 13. a4 a6 14. Ba3 Nd6 15. Rfc1
Re8 16. Rab1 Rc8 17. Qa2 Nc4 18. Bxc4 dxc4 19. b5 axb5 20. Nxb5 Bf8 21. Bxf8
Rxf8 22. Rxc4 Ra8 23. Qc2 Na5 24. Rc3 Bxf3 25. gxf3 Qh4 26. Kg2 Qg5+ 27. Kh2
Qh4 28. Rg1 Rad8 29. Rg4 Qf6 30. f4 Qe7 31. Rg1 Kg7 32. Qe4 Rd7 33. f5 exf5 34.
Qxf5 Nb7 35. Qf4 Ra8 36. Rc6 Rxa4 37. Rxb6 Ra2 38. Nc3 Rc2 39. Ne4 Rd5 40. Rg2
Na5 41. Nf6 Rd8 42. Ng4 Kh8 43. Rf6 Rf8 44. Qh6 Nc6 45. h4 Qc7+ 46. Rg3 Rg8 47.
d5 Nd8 48. e4 Qa7 49. Qf4 Qa1 50. Qe5 Qxe5 51. Nxe5 Re8 52. Nxf7+ Nxf7 53. Rxf7
Rxe4 54. Rd3 Kg8 55. Rff3 Rxh4+ 56. Kg3 Re4 57. d6 Rc8 58. Rfe3 Rxe3+ 59. Rxe3
Rd8 60. Re6 Kf7 61. Re7+ Kf6 1/2-1/2

[Event "XXXVII Olimpiadi femminile"]
[Site "Torino ITA"]
[Date "2006.05.30"]
[Round "9.3"]
[White "Sommer, Sonja"]
[Black "Tidman, Sophie E."]
[Result "1/2-1/2"]
[WhiteElo "2047"]
[BlackElo "2086"]
[Annotator "AUT-ENG"]
[PlyCount "73"]
[EventDate "2006.05.21"]

1. e4 e6 2. d4 d5 3. e5 c5 4. c3 Nc6 5. Nf3 Qb6 6. Be2 Nh6 7. Bxh6 gxh6 8. Qb3
Bg7 9. O-O O-O 10. Nbd2 Bd7 11. Rac1 cxd4 12. cxd4 Nxd4 13. Nxd4 Qxd4 14. Nf3
Qb6 15. Qxb6 axb6 16. a3 Rfc8 17. Bd3 Rc5 18. Rfe1 Rac8 19. Rcd1 Ba4 20. Rd2
Bc2 21. Kf1 Bxd3+ 22. Rxd3 Rc2 23. Rb3 Bf8 24. Nd4 R2c4 25. Rd1 Bc5 26. Ne2 Re4
27. f4 Be3 28. g3 Bc5 29. Rc3 Ra8 30. b4 Bf8 31. Nd4 Re8 32. Nb5 Rc4 33. Rxc4
dxc4 34. Rc1 Rc8 35. Ke2 f6 36. exf6 Kf7 37. Na7 1/2-1/2

[Event "XXXVII Olimpiadi femminile"]
[Site "Torino ITA"]
[Date "2006.05.30"]
[Round "9.1"]
[White "Melnik, Galina"]
[Black "Ryvova, Anna"]
[Result "1/2-1/2"]
[WhiteElo "2079"]
[BlackElo "2057"]
[Annotator "IPCA-ICSC"]
[PlyCount "66"]
[EventDate "2006.05.21"]

1. d4 d5 2. Nf3 c5 3. e3 Nc6 4. c4 cxd4 5. exd4 Bg4 6. Be3 e6 7. Be2 dxc4 8.
Bxc4 Bb4+ 9. Nc3 Nf6 10. Be2 Nd5 11. Rc1 Qa5 12. Qb3 Qb6 13. O-O Nxe3 14. fxe3
O-O 15. Na4 Na5 16. Qd3 Qd8 17. a3 Be7 18. b4 Nc6 19. Nc5 Bxc5 20. Rxc5 Ne7 21.
h3 Bf5 22. e4 Bg6 23. Ne5 Rc8 24. Rfc1 Rxc5 25. Rxc5 Qd6 26. Nxg6 hxg6 27. Bf3
Rd8 28. d5 b6 29. Rc4 Nc6 30. Qc3 Ne5 31. Rd4 Nxf3+ 32. Qxf3 Rc8 33. Rd2 Rc1+
1/2-1/2

[Event "XXXVII Olimpiadi femminile"]
[Site "Torino ITA"]
[Date "2006.05.30"]
[Round "9.2"]
[White "Rossinskaya, Ljudmilla"]
[Black "Kudrina, Alia"]
[Result "1-0"]
[WhiteElo "1931"]
[BlackElo "2042"]
[Annotator "IPCA-ICSC"]
[PlyCount "83"]
[EventDate "2006.05.21"]

1. e4 e5 2. Nf3 Nf6 3. Nxe5 Nxe4 4. Qe2 Qe7 5. Qxe4 d6 6. d4 dxe5 7. Qxe5 Qxe5+
8. dxe5 Bf5 9. Bb5+ c6 10. Bd3 Bxd3 11. cxd3 Nd7 12. d4 Nb6 13. Nc3 O-O-O 14.
Be3 Nc4 15. O-O-O Bb4 16. Kc2 Bxc3 17. bxc3 b5 18. Rhe1 Rhe8 19. f4 g6 20. Bf2
a5 21. g4 Rd5 22. Rd3 Kd7 23. f5 b4 24. fxg6 fxg6 25. Rf3 c5 26. Rf7+ Re7 27.
Rxe7+ Kxe7 28. Kd3 Nb6 29. c4 Rd7 30. d5 Na4 31. Bh4+ Ke8 32. e6 Rb7 33. d6
Nb2+ 34. Kc2 Nxc4 35. d7+ Rxd7 36. exd7+ Kxd7 37. Bf6 Kc6 38. h4 a4 39. h5 Na3+
40. Kc1 c4 41. Be7 gxh5 42. Bxb4 1-0

[Event "XXXVII Olimpiadi femminile"]
[Site "Torino ITA"]
[Date "2006.05.30"]
[Round "9.1"]
[White "Ibraheem, Delbak Ismael Ibraheem"]
[Black "Hernandez Guerrero, Yadira"]
[Result "0-1"]
[WhiteElo "1897"]
[BlackElo "2225"]
[Annotator "IRQ-MEX"]
[PlyCount "56"]
[EventDate "2006.05.21"]

1. e4 e6 2. d3 c5 3. g3 Nc6 4. Bg2 g6 5. Ne2 Bg7 6. Nbc3 Nge7 7. O-O O-O 8. Be3
Nd4 9. Qd2 d6 10. f4 Rb8 11. Nd1 b6 12. g4 Nxe2+ 13. Qxe2 f5 14. h3 Qd7 15. Rb1
a5 16. Bf3 Nc6 17. c3 Ba6 18. Nf2 Rbe8 19. exf5 gxf5 20. gxf5 exf5 21. Bd5+ Kh8
22. Qf3 Ne7 23. Bb3 Bb7 24. Qg3 Rf6 25. Bd1 Rg6 26. Ng4 fxg4 27. hxg4 Nf5 28.
Qf2 Rxe3 0-1

[Event "XXXVII Olimpiadi femminile"]
[Site "Torino ITA"]
[Date "2006.05.30"]
[Round "9.1"]
[White "Zapata, Karen"]
[Black "Sabirova, Olga"]
[Result "0-1"]
[WhiteElo "2236"]
[BlackElo "2212"]
[Annotator "PER-UZB"]
[PlyCount "146"]
[EventDate "2006.05.21"]

1. e4 e5 2. Nf3 Nc6 3. Bb5 Nf6 4. O-O d6 5. Re1 Bd7 6. c3 Be7 7. d4 O-O 8. h3
h6 9. Nbd2 Nxd4 10. cxd4 Bxb5 11. Qb3 Ba6 12. dxe5 dxe5 13. Nxe5 Nd7 14. Nxd7
Qxd7 15. Nf3 Qb5 16. Qxb5 Bxb5 17. Bf4 c5 18. a4 Bc4 19. Red1 Rfd8 20. Bc7
Rxd1+ 21. Rxd1 Be6 22. a5 Rc8 23. Be5 Kf8 24. Nh2 g6 25. f4 Rd8 26. Rxd8+ Bxd8
27. Bc3 Bc7 28. Bd2 Ke7 29. g4 Bb3 30. Nf1 Kd7 31. Kf2 Kc6 32. f5 g5 33. Bc3
Kb5 34. Bg7 Kxa5 35. Nd2 Bc2 36. Bxh6 b5 37. Bxg5 Be5 38. Nf3 Bxb2 39. Bd8+ Kb4
40. e5 a5 41. f6 Bb3 42. h4 a4 43. h5 a3 44. h6 a2 45. h7 a1=Q 46. h8=Q Bd4+
47. Kg2 Qb2+ 48. Kg3 Qf2+ 49. Kf4 Be3+ 50. Ke4 Bc2+ 51. Kd5 Qxf3+ 52. Kd6 Qxg4
53. Ke7 Qe6+ 54. Kf8 Bg6 55. Qh4+ Bd4 56. Qe1+ Bc3 57. Qh4+ Qc4 58. Qg3 Qd3 59.
Qg4+ Qd4 60. Qc8 Qxe5 61. Qa8 Qd6+ 62. Kg7 Qd2 63. Qa5+ Kc4 64. Qc7 Qg5 65. Qd6
Be5 66. Qb6 Bh5+ 67. Kf8 Qh6+ 68. Ke7 Qxf6+ 69. Qxf6 Bxf6+ 70. Kxf6 b4 71. Kg5
Bg6 72. Bf6 b3 73. Kf4 Kd3 0-1

[Event "XXXVII Olimpiadi femminile"]
[Site "Torino ITA"]
[Date "2006.05.30"]
[Round "9.3"]
[White "Aliaga Fernandez, Ingrid Yadira"]
[Black "Khamrakulova, Iroda"]
[Result "0-1"]
[WhiteElo "2019"]
[BlackElo "2200"]
[Annotator "PER-UZB"]
[PlyCount "67"]
[EventDate "2006.05.21"]

1. e4 c6 2. d4 d5 3. exd5 cxd5 4. Bd3 Nc6 5. c3 Nf6 6. Bf4 g6 7. Nf3 Bg7 8.
Nbd2 O-O 9. O-O Nh5 10. Bg3 Nxg3 11. hxg3 f6 12. c4 dxc4 13. Bxc4+ Kh8 14. Nb3
Bg4 15. d5 Na5 16. Nxa5 Qxa5 17. Qb3 Rac8 18. Rfe1 Rc7 19. Nh2 Bd7 20. Rxe7 Ba4
21. Qa3 Rxc4 22. b3 Rc2 23. Qxa4 Qxd5 24. Qxa7 f5 25. Rf1 Rf7 26. Rxf7 Qxf7 27.
Nf3 h6 28. Rd1 g5 29. Qb8+ Kh7 30. Ne5 Qe6 31. Nc4 Rxa2 32. Qxb7 Qe2 33. Rd7
Ra1+ 34. Kh2 0-1

[Event "XXXVII Olimpiadi femminile"]
[Site "Torino ITA"]
[Date "2006.05.30"]
[Round "9.1"]
[White "Hagesaether, Ellen"]
[Black "Leite, Catarina"]
[Result "1-0"]
[WhiteElo "2226"]
[BlackElo "2218"]
[Annotator "NOR-POR"]
[PlyCount "101"]
[EventDate "2006.05.21"]

1. Nf3 Nf6 2. g3 g6 3. Bg2 Bg7 4. d3 d5 5. O-O O-O 6. Nbd2 Re8 7. e4 dxe4 8.
dxe4 e5 9. Qe2 b6 10. Rd1 Qe7 11. h3 Ba6 12. Qe3 Nc6 13. Nb3 Nb4 14. Ne1 c5 15.
c3 Nc6 16. Qf3 h6 17. Be3 Qe6 18. Rd2 Bc4 19. Nc1 Rad8 20. b3 Ba6 21. Qd1 Rxd2
22. Qxd2 Rd8 23. Qc2 Qd7 24. Ne2 Ne8 25. a3 Na5 26. c4 Nc7 27. Nc3 Ne6 28. Nd5
Kh7 29. Nd3 Rc8 30. Qb2 Qd6 31. Rd1 Nd4 32. Bxd4 cxd4 33. f4 exf4 34. gxf4 Bb7
35. e5 Qe6 36. N3b4 f6 37. exf6 Bxf6 38. Nxf6+ Qxf6 39. Bxb7 Nxb7 40. Nd5 Qh4
41. Kh2 Re8 42. Rxd4 Nc5 43. f5 Re2+ 44. Qxe2 Qxd4 45. b4 Ne4 46. Qxe4 Qf2+ 47.
Qg2 Qxf5 48. Qe2 h5 49. h4 Kg7 50. Qe7+ Kg8 51. Nf6+ 1-0

[Event "XXXVII Olimpiadi femminile"]
[Site "Torino ITA"]
[Date "2006.05.30"]
[Round "9.2"]
[White "Coimbra, Margarida"]
[Black "Bjerke, Silje"]
[Result "1/2-1/2"]
[WhiteElo "2070"]
[BlackElo "2161"]
[Annotator "NOR-POR"]
[PlyCount "82"]
[EventDate "2006.05.21"]

1. e4 c5 2. Nc3 Nc6 3. g3 g6 4. d3 Bg7 5. Be3 d6 6. Qd2 e6 7. Bg2 Qa5 8. f4 Nd4
9. Nf3 Ne7 10. O-O Nec6 11. e5 Nxf3+ 12. Bxf3 d5 13. Bf2 O-O 14. Rad1 f6 15.
exf6 Bxf6 16. Bg2 Bd7 17. Ne2 Qxd2 18. Rxd2 b6 19. d4 cxd4 20. Nxd4 Nxd4 21.
Bxd4 Bxd4+ 22. Rxd4 Rac8 23. c3 Rc5 24. Re1 Rfc8 25. Bf1 b5 26. Kf2 Kf7 27. Re5
Kf6 28. h4 h6 29. g4 a5 30. Bd3 Rh8 31. Kg3 Rcc8 32. Bf1 Rcg8 33. g5+ hxg5 34.
hxg5+ Kf7 35. Bh3 Rh5 36. a3 Rgh8 37. Bg2 Bc6 38. Re1 Bd7 39. Rdd1 Rb8 40. Rd4
Rbh8 41. Rdd1 Rb8 1/2-1/2

[Event "XXXVII Olimpiadi femminile"]
[Site "Torino ITA"]
[Date "2006.05.30"]
[Round "9.3"]
[White "Hagesaether, Torill"]
[Black "Baptista, Ana Filipa"]
[Result "1/2-1/2"]
[WhiteElo "2007"]
[BlackElo "2030"]
[Annotator "NOR-POR"]
[PlyCount "194"]
[EventDate "2006.05.21"]

1. e4 e5 2. Nf3 Nc6 3. d4 exd4 4. Nxd4 Bc5 5. Nb3 Bb6 6. Nc3 Nf6 7. Qe2 d6 8.
Be3 Be6 9. h3 Ne5 10. O-O-O Qe7 11. Kb1 Nc4 12. Bc1 O-O-O 13. f4 Na5 14. g4 h6
15. Bg2 Rhe8 16. Qf3 Nc6 17. Nd5 Bxd5 18. exd5 Nb4 19. Qc3 Qe2 20. Bf3 Qb5 21.
Nd4 Bxd4 22. Qxd4 a5 23. a3 Na6 24. g5 hxg5 25. fxg5 Nd7 26. Qxg7 Ne5 27. Bh5
Nc4 28. Qc3 Re7 29. Rhf1 Rf8 30. Ka1 Ne5 31. g6 f5 32. Bh6 Rg8 33. g7 Nf7 34.
Qf6 Qd7 35. Rg1 Nxh6 36. Qxh6 Rexg7 37. Rxg7 Qxg7 38. Qe6+ Kb8 39. Qxf5 Rf8 40.
Qe4 Nc5 41. Qe3 Qh7 42. Qe2 Ne4 43. Bg4 Nf6 44. Be6 Nh5 45. Qd3 Qh6 46. Qc3 Nf4
47. Bg4 Qg5 48. Qd2 Rh8 49. Qe3 Nxh3 50. Qc3 Rh4 51. Bxh3 Qh5 52. Rf1 Qxd5 53.
Rf8+ Ka7 54. Bg2 Qc5 55. Qxc5+ dxc5 56. Rf7 Kb6 57. b3 c4 58. Kb2 cxb3 59. cxb3
Rh2 60. Rg7 Rh4 61. Kc3 Rf4 62. Rg6+ Ka7 63. Rg7 Kb6 64. b4 axb4+ 65. axb4 Rh4
66. Kb3 Rh6 67. Ka4 Rh5 68. Rg8 Rf5 69. Rb8 c6 70. Bh3 Rf7 71. Rg8 Rh7 72. Bg2
Rf7 73. Rg6 Rd7 74. Kb3 Rf7 75. Kc4 Rf4+ 76. Kc3 Rf7 77. Be4 Re7 78. Bd3 Re5
79. b5 Kc7 80. Kb4 cxb5 81. Bxb5 Re7 82. Ka5 Rf7 83. Re6 Rg7 84. Rh6 Re7 85.
Rg6 Rh7 86. Be2 Re7 87. Bf3 Re5+ 88. Kb4 Re7 89. Kc5 Rf7 90. Bd5 Rd7 91. Rf6
Rh7 92. Rb6 Kb8 93. Kd6 Rh6+ 94. Be6 Rh7 95. Rb1 Rg7 96. Kc5 Rc7+ 97. Kd4 Rg7
1/2-1/2

[Event "XXXVII Olimpiadi femminile"]
[Site "Torino ITA"]
[Date "2006.05.30"]
[Round "9.1"]
[White "Vovk, Oksana"]
[Black "Shabanaj, Eglantina"]
[Result "1/2-1/2"]
[WhiteElo "2164"]
[BlackElo "2140"]
[Annotator "DEN-ALB"]
[PlyCount "39"]
[EventDate "2006.05.21"]

1. d4 f5 2. Nf3 b6 3. Qd3 d5 4. b3 e6 5. g3 Nf6 6. Bg2 Be7 7. O-O O-O 8. c4 c6
9. Ne5 Nfd7 10. Nxd7 Nxd7 11. Bb2 Nf6 12. Nd2 Bb7 13. f3 Qe8 14. e4 f4 15. e5
Nd7 16. Bh3 Bg5 17. Rac1 Ba6 18. Rc2 Rd8 19. Rd1 Kh8 20. Re1 1/2-1/2

[Event "XXXVII Olimpiadi femminile"]
[Site "Torino ITA"]
[Date "2006.05.30"]
[Round "9.3"]
[White "Bekker-Jensen, Anne"]
[Black "Gjergji, Rozana"]
[Result "0-1"]
[WhiteElo "2015"]
[BlackElo "1986"]
[Annotator "DEN-ALB"]
[PlyCount "44"]
[EventDate "2006.05.21"]

1. d4 d5 2. c4 c6 3. Nc3 Nf6 4. e3 Bf5 5. Nf3 e6 6. Be2 Ne4 7. O-O Nd7 8. Nd2
Nxd2 9. Qxd2 Bd6 10. cxd5 exd5 11. Bd3 Qh4 12. g3 Qh5 13. Bxf5 Qxf5 14. e4 dxe4
15. Nxe4 Be7 16. Qf4 Qd5 17. Re1 O-O 18. Nc3 Qd6 19. Qxd6 Bxd6 20. d5 cxd5 21.
Nxd5 Ne5 22. Be3 Nf3+ 0-1

[Event "XXXVII Olimpiadi femminile"]
[Site "Torino ITA"]
[Date "2006.05.30"]
[Round "9.1"]
[White "Milligan, Helen"]
[Black "Methmali, Uluwitike Gamage Yashod"]
[Result "1/2-1/2"]
[WhiteElo "2053"]
[BlackElo "1872"]
[Annotator "SCO-SRI"]
[PlyCount "125"]
[EventDate "2006.05.21"]

1. e4 c5 2. Nf3 e6 3. d4 cxd4 4. Nxd4 Nf6 5. Bd3 a6 6. O-O d6 7. c4 Be7 8. Nc3
Nbd7 9. Kh1 Qc7 10. Be3 Ne5 11. Qe2 Nxd3 12. Qxd3 Ng4 13. f4 Nxe3 14. Qxe3 b6
15. Rac1 Bb7 16. b3 h6 17. Qd3 Rc8 18. Nce2 Ba8 19. Nf3 Qb7 20. Nc3 O-O 21. f5
Qd7 22. Rcd1 Bf6 23. Na4 Qa7 24. fxe6 fxe6 25. Qxd6 Rc6 26. Qd3 Rd8 27. Qe3 Qc7
28. Qe2 b5 29. Rxd8+ Bxd8 30. cxb5 Rc2 31. Qd3 axb5 32. Qxb5 Bc6 33. Qd3 Bxa4
34. bxa4 Rxa2 35. Qb3 Qc2 36. Qxe6+ Kh7 37. Qf5+ Kg8 38. Ne1 Qc4 39. Qf8+ Kh7
40. Qf5+ Kg8 41. e5 Rxa4 42. Nd3 Qe4 43. Qxe4 Rxe4 44. g3 Bc7 45. Kg2 Re3 46.
Rf3 Re4 47. Rf4 Re2+ 48. Kf3 Rxh2 49. Re4 Rh5 50. e6 Kf8 51. Nf4 Rf5 52. Kg4
Rg5+ 53. Kf3 Bxf4 54. gxf4 Rf5 55. Kg4 g6 56. e7+ Ke8 57. Re6 h5+ 58. Kg3 Rf7
59. Rxg6 Kxe7 60. Rg5 Rh7 61. Kh4 Kf6 62. Ra5 Rh8 63. Rxh5 1/2-1/2

[Event "XXXVII Olimpiadi femminile"]
[Site "Torino ITA"]
[Date "2006.05.30"]
[Round "9.2"]
[White "Wijayawardena, Dangampolage M.C."]
[Black "Giulian, Rosemary A."]
[Result "1/2-1/2"]
[WhiteElo "1872"]
[BlackElo "2050"]
[Annotator "SCO-SRI"]
[PlyCount "71"]
[EventDate "2006.05.21"]

1. d4 e6 2. c4 Nf6 3. Nf3 Bb4+ 4. Bd2 Bxd2+ 5. Qxd2 O-O 6. Nc3 d5 7. e3 Re8 8.
Rc1 Nc6 9. a3 a6 10. b4 Ne4 11. Qc2 Nxc3 12. Qxc3 Bd7 13. Be2 Rc8 14. O-O Qf6
15. Qb3 Ne7 16. Ne5 Red8 17. c5 c6 18. a4 Ng6 19. Nxd7 Rxd7 20. b5 axb5 21.
axb5 Rdc7 22. bxc6 bxc6 23. Ba6 Ra8 24. Qb6 Qe7 25. Ra1 Qd7 26. Bd3 Rxa1 27.
Rxa1 Ne7 28. Ra8+ Rc8 29. Ra7 Qe8 30. Rb7 Kf8 31. g3 Qd8 32. Qb4 g6 33. Ba6 Ra8
34. Rb6 Qc7 35. Kg2 Kg7 36. Bb7 1/2-1/2

[Event "XXXVII Olimpiadi femminile"]
[Site "Torino ITA"]
[Date "2006.05.30"]
[Round "9.1"]
[White "Martinez Porras, Ingrid Lorena"]
[Black "Berezina, Irina"]
[Result "0-1"]
[WhiteElo "1911"]
[BlackElo "2281"]
[Annotator "GUA-AUS"]
[PlyCount "152"]
[EventDate "2006.05.21"]

1. c4 g6 2. g3 Bg7 3. Bg2 d6 4. Nc3 e5 5. e3 Nf6 6. Nge2 O-O 7. O-O Nc6 8. Rb1
Be6 9. Nd5 Qd7 10. b4 Rae8 11. b5 Nd8 12. d3 h5 13. Qa4 a6 14. Qa5 Bxd5 15.
cxd5 axb5 16. Qxb5 Re7 17. Ba3 Ne8 18. Qc4 Kh7 19. Rfc1 f5 20. Rc2 Rff7 21. Bc1
Bf6 22. f4 Bg7 23. Bd2 Bh6 24. Kh1 Nf6 25. e4 exf4 26. Bxf4 Ng4 27. Bxh6 Kxh6
28. Rcb2 Kh7 29. Qd4 b6 30. Rf1 Qe8 31. Rbb1 Nh6 32. Nc3 Nb7 33. Rbe1 Nc5 34.
h3 Qh8 35. Qxh8+ Kxh8 36. Rd1 Kg7 37. Kg1 g5 38. exf5 Nxf5 39. Kh2 Re3 40. g4
hxg4 41. hxg4 Nd4 42. Rxf7+ Kxf7 43. Be4 Nxe4 44. Nxe4 Kg6 45. Rc1 Nf3+ 46. Kg2
Ne1+ 47. Kf2 Rxe4 48. Rxe1 Rxg4 49. Re7 Rf4+ 50. Kg3 Rf7 51. Re1 Rf5 52. Rc1
Rxd5 53. Rxc7 Rxd3+ 54. Kg4 Rd4+ 55. Kg3 b5 56. Rb7 b4 57. Rb8 Kf6 58. Kf3 Ke5
59. Rg8 Rf4+ 60. Ke3 Re4+ 61. Kd3 Rg4 62. Re8+ Kd5 63. Rg8 Rg3+ 64. Kc2 g4 65.
Rb8 Rc3+ 66. Kd2 Rc4 67. Rg8 Ke5 68. Kd3 Rc3+ 69. Kd2 Kf4 70. Rf8+ Kg3 71. Rf6
Ra3 72. Rxd6 Rxa2+ 73. Kd3 Rf2 74. Kc4 Rf4+ 75. Kb3 Kf2 76. Rd2+ Ke3 0-1

[Event "XXXVII Olimpiadi femminile"]
[Site "Torino ITA"]
[Date "2006.05.30"]
[Round "9.2"]
[White "Moylan, Laura"]
[Black "Mazariegos Kummenfeld, Silvia Carolina"]
[Result "1/2-1/2"]
[WhiteElo "2127"]
[BlackElo "2118"]
[Annotator "GUA-AUS"]
[PlyCount "44"]
[EventDate "2006.05.21"]

1. e4 c5 2. Nf3 d6 3. d4 cxd4 4. Nxd4 Nf6 5. Nc3 a6 6. f4 e5 7. Nf3 Bg4 8. Be3
b5 9. a3 Nbd7 10. Be2 exf4 11. Bxf4 Qb6 12. Nd5 Qb7 13. O-O Nxe4 14. Ng5 Be6
15. Nxe4 Bxd5 16. Bf3 O-O-O 17. Nxd6+ Bxd6 18. Qxd5 Qxd5 19. Bxd5 Bxf4 20. Rxf4
f6 21. Be6 Kc7 22. Bxd7 Rxd7 1/2-1/2

[Event "XXXVII Olimpiadi femminile"]
[Site "Torino ITA"]
[Date "2006.05.30"]
[Round "9.3"]
[White "Castillo Melendez, Dina Lisette"]
[Black "Phan-Koshnitsky, Ngan"]
[Result "0-1"]
[WhiteElo "2060"]
[BlackElo "2181"]
[Annotator "GUA-AUS"]
[PlyCount "56"]
[EventDate "2006.05.21"]

1. e4 c5 2. c4 Nc6 3. Ne2 g6 4. d4 cxd4 5. Nxd4 Bg7 6. Be3 Nf6 7. Nc3 d6 8. Be2
O-O 9. O-O a6 10. Rb1 Qc7 11. f4 Nxd4 12. Bxd4 e5 13. Be3 Be6 14. fxe5 dxe5 15.
Bg5 Ne8 16. Nd5 Bxd5 17. cxd5 Nd6 18. Qd3 Qb6+ 19. Be3 Qb4 20. Bf3 f5 21. Bd2
Qa4 22. b3 Qb5 23. Qe3 f4 24. Qc3 Rfc8 25. Qb4 Bf8 26. a4 Qd3 27. Rfc1 a5 28.
Rc3 Qxb1+ 0-1

[Event "XXXVII Olimpiadi femminile"]
[Site "Torino ITA"]
[Date "2006.05.30"]
[Round "9.1"]
[White "Connolly, Suzanne"]
[Black "Perez, Eneida"]
[Result "1/2-1/2"]
[WhiteElo "2027"]
[BlackElo "2110"]
[Annotator "IRL-DOM"]
[PlyCount "46"]
[EventDate "2006.05.21"]

1. e4 e5 2. Nf3 Qe7 3. Bc4 h6 4. Nc3 c6 5. O-O g5 6. d4 d6 7. dxe5 dxe5 8. a4
Nd7 9. b3 Qf6 10. Ba3 Bxa3 11. Rxa3 Nb6 12. Be2 Bg4 13. Nd2 Be6 14. a5 Nd7 15.
Bc4 Qe7 16. Ra2 Rd8 17. Qe2 Ngf6 18. Bxe6 Qxe6 19. Nc4 O-O 20. Raa1 Nb8 21. Ne3
Ne8 22. Rad1 Ng7 23. Rxd8 Rxd8 1/2-1/2

[Event "XXXVII Olimpiadi femminile"]
[Site "Torino ITA"]
[Date "2006.05.30"]
[Round "9.2"]
[White "De La Cruz, Mercedes"]
[Black "Quinn, Deborah"]
[Result "1-0"]
[WhiteElo "2101"]
[BlackElo "1813"]
[Annotator "IRL-DOM"]
[PlyCount "141"]
[EventDate "2006.05.21"]

1. e4 c5 2. d3 Nc6 3. Nf3 g6 4. g3 Bg7 5. Bg2 e5 6. h4 h5 7. Be3 d6 8. Nbd2 Bg4
9. c3 Nge7 10. Qb3 Qb6 11. Qxb6 axb6 12. Nc4 Nc8 13. O-O Kd7 14. a4 Na5 15.
Nfd2 Be6 16. Nxa5 bxa5 17. b4 b6 18. b5 Ne7 19. c4 Raf8 20. Rad1 Bg4 21. f3 Be6
22. Kh2 Kc7 23. Bh3 f5 24. f4 Bh6 25. Rde1 Bg7 26. fxe5 Bxe5 27. Bg5 Bc3 28.
Bxe7 Bxd2 29. Bxf8 Bxe1 30. Bxd6+ Kxd6 31. Rxe1 Rf8 32. exf5 Bxf5 33. Bxf5 Rxf5
34. Kg2 Rf6 35. Re4 Rf5 36. Rf4 Ke5 37. Re4+ Kd6 38. Re8 Rf6 39. Rd8+ Ke5 40.
Rd5+ Ke6 41. Rg5 Kd6 42. Kh3 Re6 43. Kg2 Rf6 44. g4 hxg4 45. Kg3 Re6 46. Kxg4
Rf6 47. Rd5+ Ke7 48. Kg5 Re6 49. Kh6 Kf7 50. Rd7+ Kf6 51. Rg7 Kf5 52. Rf7+ Kg4
53. Rg7 Kxh4 54. Rxg6 Rxg6+ 55. Kxg6 Kg4 56. Kf6 Kf4 57. Ke6 Ke3 58. Kd5 Kxd3
59. Kc6 Kxc4 60. Kxb6 Kd4 61. Kxa5 c4 62. b6 c3 63. b7 c2 64. b8=Q c1=Q 65.
Qd6+ Ke4 66. Qb4+ Kd5 67. Qb5+ Kd6 68. Qb6+ Kd5 69. Ka6 Qf1+ 70. Qb5+ Qxb5+ 71.
axb5 1-0

[Event "XXXVII Olimpiadi femminile"]
[Site "Torino ITA"]
[Date "2006.05.30"]
[Round "9.1"]
[White "Bakalarz, Grazyna"]
[Black "Basem-Hassan, Miriam"]
[Result "1-0"]
[WhiteElo "2068"]
[BlackElo "2028"]
[Annotator "LUX-PUR"]
[PlyCount "106"]
[EventDate "2006.05.21"]

1. d4 Nf6 2. Nf3 g6 3. Bf4 Bg7 4. e3 d6 5. h3 O-O 6. Be2 Nc6 7. c4 Nd7 8. Nc3
e5 9. Bh2 f5 10. O-O e4 11. Nd2 Kh8 12. a3 a6 13. Rc1 Nf6 14. b4 Bd7 15. Qb3
Be8 16. b5 axb5 17. cxb5 Bf7 18. Qb2 Ne7 19. Rc2 c5 20. bxc6 bxc6 21. Rb1 Nfd5
22. Nxd5 Bxd5 23. Qb4 c5 24. dxc5 dxc5 25. Rxc5 Nc6 26. Qb6 Qxb6 27. Rxb6 Ne7
28. Rc7 Nc8 29. Rb5 Rd8 30. Nc4 Bxc4 31. Bxc4 Nd6 32. Bxd6 Rxd6 33. Rbb7 Rd1+
34. Bf1 Be5 35. Rxh7+ Kg8 36. Rhe7 Bf6 37. Ra7 Rb8 38. Reb7 Rc8 39. Rd7 Rxd7
40. Rxd7 Ra8 41. Bc4+ Kh8 42. Rd6 Kg7 43. Ra6 Rc8 44. Ra7+ Kh6 45. Be6 Rc6 46.
Bg8 g5 47. g3 f4 48. gxf4 gxf4 49. exf4 Bd4 50. Rh7+ Kg6 51. Rd7 Bf6 52. Bh7+
Kh5 53. Bxe4 Kh6 1-0

[Event "XXXVII Olimpiadi femminile"]
[Site "Torino ITA"]
[Date "2006.05.30"]
[Round "9.1"]
[White "Richards, Deborah"]
[Black "Frick, Denise"]
[Result "1/2-1/2"]
[WhiteElo "1922"]
[BlackElo "1907"]
[Annotator "JAM-RSA"]
[PlyCount "94"]
[EventDate "2006.05.21"]

1. c4 Nf6 2. Nc3 g6 3. e4 d6 4. d4 Bg7 5. Nf3 O-O 6. Be2 e5 7. O-O Nc6 8. d5
Ne7 9. Be3 Nd7 10. Ne1 f5 11. f3 f4 12. Bf2 g5 13. b4 Rf7 14. c5 Nf6 15. Rc1
Ng6 16. Qb3 h5 17. cxd6 cxd6 18. Nb5 a6 19. Na7 g4 20. Nxc8 Rxc8 21. Rxc8 Qxc8
22. b5 axb5 23. Bxb5 Bf8 24. Bb6 Rg7 25. Qc2 Qa8 26. Qa4 Qxa4 27. Bxa4 Nd7 28.
Bxd7 Rxd7 29. Nd3 Nh4 30. Kf2 gxf3 31. gxf3 Rg7 32. Ne1 Be7 33. Rg1 Ng6 34. Ke2
Kh7 35. Nd3 Bh4 36. Rc1 Nh8 37. Rc7 Rxc7 38. Bxc7 Nf7 39. a4 Bd8 40. Bb8 Kg6
41. Nb2 Kg5 42. Nc4 Be7 43. Kf1 Bf8 44. Bc7 Be7 45. Kf2 Kg6 46. Kg2 Kg5 47. Kh3
Kg6 1/2-1/2

[Event "XXXVII Olimpiadi femminile"]
[Site "Torino ITA"]
[Date "2006.05.30"]
[Round "9.1"]
[White "Da Bosco, Carla"]
[Black "Luna, Raisa"]
[Result "0-1"]
[WhiteElo "2050"]
[BlackElo "1974"]
[Annotator "CRC-BOL"]
[PlyCount "76"]
[EventDate "2006.05.21"]

1. e4 c5 2. Nc3 d6 3. f4 Nc6 4. Nf3 a6 5. a4 g6 6. Bc4 Bg7 7. O-O e6 8. d3 Nge7
9. Bb3 O-O 10. Be3 Nd4 11. Bxd4 cxd4 12. Ne2 Nc6 13. Qe1 e5 14. Qg3 Qe7 15. Ng5
h6 16. Nh3 Be6 17. Bxe6 Qxe6 18. f5 Qf6 19. fxg6 Qxg6 20. Rf3 Qxg3 21. Nxg3 Ne7
22. Nh5 f5 23. exf5 Rxf5 24. Rg3 Rxh5 25. Nf2 Nf5 26. Rg6 Rg5 27. Rxg5 hxg5 28.
Ne4 g4 29. Nf2 Ne3 30. c3 d5 31. cxd4 exd4 32. Rc1 Be5 33. g3 Kf7 34. b3 Ke6
35. Rc5 Rf8 36. Rc1 Rf7 37. Rc8 Rc7 38. Rxc7 Bxc7 0-1

[Event "XXXVII Olimpiadi femminile"]
[Site "Torino ITA"]
[Date "2006.05.31"]
[Round "10.1"]
[White "Zhukova, Natalia"]
[Black "Khurtsidze, Nino"]
[Result "1/2-1/2"]
[WhiteElo "2425"]
[BlackElo "2426"]
[Annotator "UKR-GEO"]
[PlyCount "39"]
[EventDate "2006.05.21"]

1. d4 Nf6 2. c4 e6 3. Nf3 Bb4+ 4. Nc3 c5 5. g3 Ne4 6. Qd3 cxd4 7. Nxd4 Qa5 8.
Ndb5 a6 9. Qxe4 axb5 10. Bd2 bxc4 11. Qxc4 O-O 12. Bg2 d5 13. Qd3 Nc6 14. O-O
Ne5 15. Qc2 Nc4 16. Be1 Rd8 17. a3 Bd7 18. Rc1 Bxc3 19. Bxc3 Qb6 20. Bb4
1/2-1/2